CO MOŻEMY ZOBACZYĆ, ALE NIE MOŻEMY DOTKNĄĆ? - Statystyki

Ogólne statystyki
  • Ten quiz został rozwiązany 60 razy
  • Średni wynik to 4 z 6
Statystyki odpowiedzi
Odpowiedź % Poprawnych
SŁOŃCE
94%
KSIĘŻYC
83%
GWIAZDY
81%
CHMURY
72%
TĘCZA
48%
ŚWIATŁO
30%
Nie znaleziono quizów pasujących do podanych kryteriów
Rozkład punktacji
Procent ludzi z każdym wynikiem
Percentyl według liczby udzielonych odpowiedzi
Twoja historia wyników
Nie rozwiązałeś tego quizu